000 00224nam a22000857a 4500
999 _c17397
_d17397
003 ASAB
005 20170420124755.0
008 150917t xxu||||| |||| 00| 0 eng d
020 _a81-7910-108-8
040 _cASAB
082 _a632
100 _aSampat nehra
_91208
245 _aPlant diseases
_bbiocontrol management
_cby Sampat nehra
260 _aJai Pur
_bAavishkar Publishers, Distributors
_cc2005
300 _a411 P
942 _2ddc
_cBK